ბათუმის შოთა რუსთაველის სახელმწიფო უნივერსიტეტის ბიბლიოთეკა

სტეპის მეფე ლირი; ზედმეტი ადამიანის დღიური (ბიბ.ჩანაწერი № 49987)

000 -LEADER
fixed length control field 00875nam a2200229Ia 4500
001 - CONTROL NUMBER
control field 16923
003 - CONTROL NUMBER IDENTIFIER
control field GE_BSU
008 - FIXED-LENGTH DATA ELEMENTS--GENERAL INFORMATION
fixed length control field 181216s||||||||xx |||||||||||||| ||und||
040 ## - CATALOGING SOURCE
Transcribing agency GE_BSU
080 ## - UNIVERSAL DECIMAL CLASSIFICATION NUMBER
Universal Decimal Classification number 821.161.1-32
100 ## - MAIN ENTRY--PERSONAL NAME
Personal name ტურგენევი, ივ.
245 ## - TITLE STATEMENT
Title სტეპის მეფე ლირი; ზედმეტი ადამიანის დღიური
245 ## - TITLE STATEMENT
Remainder of title მოთხრობები
245 ## - TITLE STATEMENT
Statement of responsibility, etc. თარგმნა ე. მაისურაძემ. რედ.ე.კეჭაყმაძე
260 ## - PUBLICATION, DISTRIBUTION, ETC.
Place of publication, distribution, etc. თბილისი
260 ## - PUBLICATION, DISTRIBUTION, ETC.
Name of publisher, distributor, etc. მერანი
260 ## - PUBLICATION, DISTRIBUTION, ETC.
Date of publication, distribution, etc. 1985
300 ## - PHYSICAL DESCRIPTION
Extent 138გვ. ; 21სმ.
653 ## - INDEX TERM--UNCONTROLLED
Uncontrolled term მოთხრობები
653 ## - INDEX TERM--UNCONTROLLED
Uncontrolled term სტეპის მეფე ლირი; ზედმეტი ადამიანის დღიური
942 ## - ADDED ENTRY ELEMENTS (KOHA)
Koha item type წიგნი
ეგზემპლარები
Withdrawn status Lost status Damaged status Not for loan Date acquired Barcode Date last seen Price effective from Koha item type
        2018-12-17 21977 2018-12-17 2018-12-17 წიგნი
        2018-12-17 21978 2018-12-17 2018-12-17 წიგნი
        2018-12-17 21979 2018-12-17 2018-12-17 წიგნი